00390nam a22001097a 4500003000400000082001800004100001800022245016400040260004500204300000700249650002400256SGT a617.645bA25S aSharma, Mansi aAssessment of efficacy of glass ionomer sealant (Fuji-VII) v/s Fluoride (MI Varnish) application in primary molars for caries prevention in a split mouth study aGurugram, HaryanabSGT University c2025 a82 aPediatric Dentistry